000 00739nam a2200241 i 4500
001 82251
003 ES-MaACL
005 20250827041600.0
007 t|
008 041209s1997 sp ||||1| spa d
020 _a84-406-7982-3
080 _a821.111(73)-992"19"
100 1 _aKaplan, Robert D.
_967524
245 1 0 _aViaje a los confines de la Tierra /
_cRobert D. Kaplan ; [traducción Joaquín Adsuar].
250 _a1ª ed.
260 _aBarcelona :
_bEdiciones B,
_c1997.
300 _a667 p. :
_bil. ;
_c19 cm.
490 1 _aBiblioteca Grandes viajeros
700 1 _aAdsuar Ortega, Joaquín.
_918492
830 0 0 _aBiblioteca grandes viajeros
_9183745
852 _aES-MaACL
_jE-10553
_bR.134717
999 _c82251
_d82251